Statistics for 2010s U.S. Television by Picture

Click here to take the quiz!

General Stats

  • This quiz has been taken 27,251 times
  • The average score is 11 of 16

Answer Stats

Answer% Correct
Breaking Bad
95%
Game of Thrones
91%
The Big Bang Theory
91%
The Walking Dead
90%
Rick and Morty
86%
Orange Is the New Black
76%
Stranger Things
74%
Brooklyn Nine-Nine
72%
Modern Family
70%
Bob’s Burgers
65%
Parks and Recreation
61%
The Bachelor
55%
New Girl
54%
The Good Place
52%
Community
40%
Mad Men
40%

Score Distribution

Percentile by Number Answered

Percent of People with Each Score

Your Score History

You have not taken this quiz